A Real Test and Simulation Result Comparison of Selected Properties of Hybrid Composite Materials

V tejto štúdii sa dôkladne posudzuje pojem kompozitné materiály. Skúma sa aktuálnosť a simulácia v špecifickom počítačovom softvéri záťažové testovanie hybridných kompozitov. Článok sa zaoberá mechanikou tuhých telies, ich elasticitou, pevnosťou a tuhosťou. Okrem všeobecného prehľadu o správaní a vl...

Descripción completa

Guardado en:
Detalles Bibliográficos
Autor principal: Daneshjo, Naqibullah, 1964-
Otros Autores: Sabadka, Dušan, Malega, Peter
Formato: Capítulo de libro
Lenguaje:inglés
Materias:
Etiquetas: Agregar Etiqueta
Sin Etiquetas, Sea el primero en etiquetar este registro!

MARC

LEADER 00000naa$a2200000$$$4500
001 0300034
005 20240527104808.2
041 0 |a eng 
044 |a GR 
245 1 0 |a A Real Test and Simulation Result Comparison of Selected Properties of Hybrid Composite Materials  |c Naqibullah Daneshjo, Dušan Sabadka, Peter Malega 
520 |a V tejto štúdii sa dôkladne posudzuje pojem kompozitné materiály. Skúma sa aktuálnosť a simulácia v špecifickom počítačovom softvéri záťažové testovanie hybridných kompozitov. Článok sa zaoberá mechanikou tuhých telies, ich elasticitou, pevnosťou a tuhosťou. Okrem všeobecného prehľadu o správaní a vlastnostiach prvého uvádza tento článok možnosť výpočtu únosnosti rôznych materiálov v príslušných počítačových programoch. Je opísaný proces výroby a testovania kompozitných vzoriek. 
610 2 0 |a zliatiny 
610 2 0 |a hutníctvo 
610 2 0 |a metalurgia 
610 2 0 |a vlastnosti výrobkov úžitkové 
610 2 0 |a testy 
610 2 0 |a materiál 
100 1 |a Daneshjo, Naqibullah, 1964- 
700 1 |a Sabadka, Dušan 
700 1 |a Malega, Peter